[Event "1st FIDE World Cup prel. group D"]
[Site "Shenyang"]
[Date "2000.09.03"]
[Round "3"]
[White "Tregubov, Pavel"]
[Black "Tkachiev, Vladislav"]
[Result "1/2-1/2"]
[WhiteElo "2620"]
[BlackElo "2657"]
[EventDate "2000.09.01"]
[Annotator "Stohl,I"]
[PlyCount "93"]

1.d4 Nf6 2.c4 g6 3.g3 Bg7 4.Bg2 O-O 5.Nc3 d6 6.Nf3 Nc6 7.O-O a6 8.d5 Na5 
9.b3 Rb8 ( {The most straightforward is} 9...c5 $142 10.dxc6 ( 10.Bb2 Rb8 
11.Qc2 b5 12.Nd2 {leads to the main line} ) ( {here} 10.Bd2 $6 b5 $36 {
makes no sense.} ) 10...Nxc6 11.Bb2 Qa5 12.Nd5 ( 12.Qd2 $6 Ne4 13.Nxe4 
Qxd2 14.Nexd2 Bxb2 15.Rab1 Bg7 16.a3 h6 17.Rfc1 Bf5 18.e4 Be6 19.b4 Rac8 
20.Nb3 b6 21.Bf1 g5 $15 {0-1 Medic,M-Lanka,Z/Bad Wildbad 2000/The Week in 
Chess 284 (30)} ) ( 12.Qc1 $5 Bg4 13.Rd1 Rac8 14.Nd5 Bxf3 15.Bxf3 Nxd5 16.
Bxg7 Kxg7 17.Rxd5 Qb4 18.Qe3 Qa3 19.h4 Rc7 20.h5 Qb2 21.Rad1 Ne5 22.Bg2 
Ng4 $11 {Fontaine,R-Blehm,P/EU-ChJ Patras/1999/} ) 12...Nxd5 13.Bxg7 Nc3 
14.Bxc3 Qxc3 15.Rc1 Qb2 16.Rc2 Qf6 17.Qd2 Bf5 18.Rcc1 Rab8 $6 ( 18...a5 $5
$132 ) ( 18...Be4 19.Qe3 d5 $11 ) 19.Rfd1 Rfc8 20.Ne1 Ne5 21.Nc2 Ng4 22.e4
Be6 23.h3 Ne5 24.f4 Nc6 25.Ne3 Qg7 26.Kh2 Rd8 27.Nd5 $36 {
Vaulin,A-Dochev,D/ Pardubice op/1997/} ) ( {White's move is connected with
the trap} 9...Nxd5 $6 10.Nxd5 Bxa1 11.Bd2 Nxc4 ( 11...c6 12.Nxe7+ Qxe7 13.
Qxa1 $36 ) 12.bxc4 Bg7 13.Bg5 f6 14.Be3 e6 15.Nc3 Qe7 16.Qb3 Rb8 17.a4 f5 
18.Ba7 Ra8 19.Bd4 Bxd4 20.Nxd4 c5 21.Nf3 Qc7 22.Rb1 Rd8 23.e4 Rb8 24.Qb6 
$16 {Vukic, M-Filipovic,B/Banja Luka/1983/} ) 10.Bd2 $5 {So White is not 
interested in the main line after all and places his B differently.} 10...
c5 11.dxc6 ( {More ambitious is} 11.a4 $5 e5 ( 11...Bd7 12.e4 b5 $2 13.
axb5 axb5 14.Nxb5 $16 ) 12.dxe6 ( 12.e4 Ng4 ( 12...Ne8 $142 ) 13.h3 Nh6 
14.Ng5 f6 15.Ne6 Bxe6 16.dxe6 Re8 17.f4 exf4 18.gxf4 Rxe6 19.f5 gxf5 20.
Bxh6 fxe4 21.Qg4 Qd7 22.Nxe4 {1-0,Loeffler,S-Lane,G/Wijk aan Zee-B/1995/} 
) 12...fxe6 13.Bf4 Ne8 14.Rc1 b6 ( 14...Qb6 15.Ne4 Bd7 16.Rb1 Bc6 17.Nfg5 
Bxe4 18.Bxe4 Rf6 19.Nxe6 Rxe6 20.Bd5 Nc7 21.b4 Nc6 22.bxc5 Qxc5 23.Bxe6+ 
Nxe6 24.Bxd6 $18 {Loeffler,S-Agnos,D/Cannes op/1993/} ) 15.Ng5 h6 16.Nge4 
e5 17.Be3 Be6 18.Rb1 Kh7 19.Qd2 Rb7 20.Rfd1 Rd7 21.Qa2 Nc7 22.Nd5 Nxd5 23.
cxd5 Bf5 24.b4 $16 {Keene,R-Liberzon,V/Beersheba/1978/} ) 11...Nxc6 ( 
11...bxc6 12.Qc1 ( 12.c5 $5 $14 ) 12...Re8 13.Qa3 c5 14.Ne1 Qc7 15.Nd5 
Nxd5 16.Bxa5 Qa7 17.Rc1 Nb4 18.Nc2 Nxc2 19.Rxc2 Bb7 20.Qc1 Bd4 21.Rd1 Qa8 
22.Bxb7 Qxb7 23.e3 Bf6 24.Qd2 Qf3 $11 {
1/2,Andersson,U-Ribli,Z/Bugojno/1984/} ) 12.Rc1 Bd7 ( 12...Bf5 $5 13.Nd5 (
13.Ne1 Qd7 14.Nc2 Bh3 $11 ) 13...Be4 14.Nxf6+ Bxf6 15.Bc3 Bxc3 16.Rxc3 d5 
$11 {1/2,Martinovic,S-Pavlovic,M/Cetinje/1992/} ) 13.Ne1 Ne5 ( 13...b5 $2 
14.cxb5 axb5 15.Nxb5 $16 ) 14.Nc2 b5 ( {Safer was} 14...Bc6 $5 {now the 
b-pawn becomes a target.} ) 15.cxb5 axb5 16.Nb4 {[%csl Rb5]} 16...Re8 ( 
16...e6 17.Bf4 Qe7 18.Qd2 $36 ) 17.h3 ( 17.f4 Nc6 $1 18.Nxc6 Bxc6 $11 ) 
17...Rc8 18.e4 Nc6 19.Nd3 ( 19.Nbd5 Nxd5 20.Nxd5 e6 21.Ne3 Nd4 $11 ) 19...
Qb6 ( 19...Nd4 $5 20.Be3 e5 21.f4 Nh5 $13 ) ( 19...Rb8 $13 ) 20.Be3 Qa5 
21.Qd2 Rb8 ( 21...b4 22.Na4 $1 ( 22.Nd5 Nxd5 23.exd5 Bc3 $15 ) 22...Rb8 
23.f4 {-21...Rb8 }) 22.f4 b4 23.Na4 ( 23.Nd5 $143 Nxd5 24.exd5 Nd4 25.Nb2 
( 25.Rc4 $6 Nf5 26.Bf2 Bc3 27.Qc2 Bb5 $36 ) 25...Nf5 26.Nc4 Qa6 27.Bf2 Bc3
{/\e6,Bb5=/+} ) 23...e5 $5 ( 23...Rec8 24.e5 $1 Nd5 ( 24...dxe5 25.Rc5 $36
) 25.Bf2 $36 ) 24.f5 ( 24.Rc4 $142 Nh5 25.Qf2 $14 ) 24...Nd4 $132 25.g4 
Bxa4 26.bxa4 Qxa4 27.Rc4 ( 27.g5 Nh5 28.f6 Bf8 $15 ) 27...Qa6 28.Rxb4 Ne2+
29.Kh2 ( 29.Kf2 Rxb4 30.Nxb4 Qc4 31.Qxe2 ( 31.g5 $2 Nxe4+ 32.Bxe4 Nc3 33.
Bc6 Qxb4 {/\Ne4-+} ) 31...Qxb4 32.Qc2 gxf5 33.gxf5 d5 $5 $13 ) 29...Rxb4 
30.Nxb4 Qc4 31.Qxd6 Nf4 $1 ( 31...Nxe4 32.Qc6 $5 ( 32.Qd5 Qxd5 33.Nxd5 
N2g3 34.Re1 gxf5 35.gxf5 Rd8 $14 ) 32...Qxc6 33.Nxc6 N2c3 ( 33...N2g3 34.
Re1 Bf8 35.Bg1 $18 ) 34.a4 $16 ) 32.Rc1 ( 32.Bxf4 $6 exf4 33.Nd5 ( 33.e5 
Nxg4+ 34.hxg4 Bxe5 35.Qd7 f3+ 36.Kh3 Rb8 $15 ) 33...Nxd5 34.Qxd5 Qc7 $36 )
32...Qe2 $44 33.Qd2 ( 33.Bxf4 exf4 34.Qxf4 Nh5 ( 34...Nxe4 35.Nc6 Bf6 $44 
) 35.Qf3 Be5+ 36.Kg1 Nf4 $132 ) 33...Qxd2 34.Bxd2 Nxg2 35.Kxg2 Nxe4 $11 
36.Be3 gxf5 37.gxf5 Nd6 38.Rf1 ( 38.a4 Ra8 $1 39.Ra1 Nxf5 $15 ) 38...Rb8 
39.a3 Nc4 40.Bc1 Bf8 ( 40...f6 $5 41.Nd5 Kf7 42.Ne3 $11 {keeps more 
tension in the position, but is also about equal.} ) 41.f6 $1 Bxb4 ( 41...
Nxa3 42.Bxa3 ( 42.Nc6 Re8 43.Re1 Re6 44.Bxa3 ( 44.Ne7+ $2 Bxe7 45.fxe7 Nc2
$19 ) 44...Bxa3 45.Nxe5 Rxf6 46.Rf1 Rxf1 47.Kxf1 {/\Nf7=} ) 42...Bxb4 43.
Rb1 Bd6 44.Rxb8+ Bxb8 45.Kf3 $11 ) 42.axb4 Kf8 ( 42...Rxb4 43.Bh6 $44 {
traps Black's K.} ) 43.Re1 Rxb4 44.Re4 {[%cal Rc1a3] /\Ba3+-} 44...Ra4 45.
Kg3 Ke8 ( 45...Kg8 $6 46.Bh6 $40 ) 46.Bf4 Kf8 ( 46...Ra6 47.Rxc4 exf4+ 48.
Rxf4 Kd7 49.Rh4 $11 ) ( 46...Ra3+ 47.Kg4 $11 ) 47.Bc1 ( 47.Bxe5 Ra3+ 48.
Kg4 h5+ 49.Kxh5 Nxe5 50.Rxe5 Rxh3+ $11 ) ( 47.Bc1 Ke8 48.Bf4 $11 ) 1/2-1/2